Zavedenie E – business v novovzniknutom podniku diplomová práca

Enregistré dans:
Détails bibliographiques
Auteur principal: Mochlárová, Miroslava
Collectivité auteur: Podnikovohospodárska fakulta EU so sídlom v Košiciach. Katedra obchodného podnikania
Autres auteurs: Kopčáková, Janka, 1994-
Format: Livre
Langue:slovaque
Publié: Košice 2023
Tags: Ajouter un tag
Pas de tags, Soyez le premier à ajouter un tag!

MARC

LEADER 00000nbm a2200000 4500
001 0292863
005 20240624094748.5
041 0 |a slo 
044 |a SK 
245 1 0 |a Zavedenie E – business v novovzniknutom podniku  |b diplomová práca  |c Miroslava Mochlárová ; školiteľ: Janka Kopčáková 
264 1 |a Košice  |c 2023 
300 |a 92 s. 
100 1 |a Mochlárová, Miroslava 
700 1 |a Kopčáková, Janka, 1994- 
710 2 |a Podnikovohospodárska fakulta EU so sídlom v Košiciach. Katedra obchodného podnikania